Krízové rozhodovanie podniku diplomová práca

Na minha lista:
Detalhes bibliográficos
Autor principal: Zadžorová, Patrícia
Autor Corporativo: Fakulta podnikového manažmentu EU. Katedra manažmentu
Outros Autores: Jankelová, Nadežda, 1966-
Formato: Livro
Idioma:eslovaco
Publicado em: Bratislava 2023
Tags: Adicionar Tag
Sem tags, seja o primeiro a adicionar uma tag!

MARC

LEADER 00000nbm a2200000 4500
001 0293583
005 20240521085856.6
041 0 |a slo 
044 |a SK 
245 1 0 |a Krízové rozhodovanie podniku  |b diplomová práca  |c Patrícia Zadžorová ; školiteľ: Nadežda Jankelová 
264 1 |a Bratislava  |c 2023 
300 |a 86 s. 
100 1 |a Zadžorová, Patrícia 
700 1 |a Jankelová, Nadežda, 1966- 
710 2 |a Fakulta podnikového manažmentu EU. Katedra manažmentu